000 00426nam a2200205Ia 4500
001 14199
003 GE_BSU
008 181216s||||||||xx |||||||||||||| ||und||
020 _a0140265946
040 _cGE_BSU
080 _a821.111-31
100 _aLively,Penelopa
245 _aSpiderweb
260 _aLondon
260 _bPenguin Books
260 _c1998
300 _a217p.18cm.
653 _aSpiderweb
942 _cBK
999 _c47338
_d47338